Statistiques concernant Ruines dans les jeux Pokémon

Cliquez ici pour prendre le quiz!

Statistiques générales

  • Ce quiz a été pris 7 fois
  • Le résultat moyen est 4 sur 15

Statistiques - réponses

RégionRuines% Correct
SinnohRuines Bonville
57%
JohtoRuines d'Alpha
57%
InconnueRuines Sinjoh
43%
AlolaRuines de l'Au-Delà
29%
AlolaRuines de l'Essor
29%
AlolaRuines de l'Eveil
29%
GalarRuines de Fer
14%
HoennRuines Désert
14%
GalarRuines du Choix
14%
AlolaRuines du Conflit
14%
UnysRuines Enfouies
14%
GalarRuines Iceberg
14%
GalarRuines Pic Roche
14%
Iles SeviiRuines Tanoby
14%
UnysRuines des Abysses
0%

Distribution des résultats

Percentile par nombre de réponses

% des personnes avec chaque résultat

Votre développement - résultats

Vous n’avez pas pris ce quiz